Growth performance of broiler fed diet containing de oiled rice bran supplemented with protease and halquinol / (Record no. 17089)

MARC details
000 -LEADER
fixed length control field 01149nam a22002537a 4500
001 - CONTROL NUMBER
control field BD-DhSAU 7469
003 - CONTROL NUMBER IDENTIFIER
control field BD-DhSAU
005 - DATE AND TIME OF LATEST TRANSACTION
control field 20231004105515.0
008 - FIXED-LENGTH DATA ELEMENTS--GENERAL INFORMATION
fixed length control field 150422b2006 bg ||||| m||m 00| 0 eng d
040 ## - CATALOGING SOURCE
Original cataloging agency BD-DhSAU
082 ## - DEWEY DECIMAL CLASSIFICATION NUMBER
Edition number 22
Classification number 636.085
Item number Is41
100 ## - MAIN ENTRY--PERSONAL NAME
Personal name ISLAM, MD TAJUL
Relator term Registration No. # 20-11142
245 ## - TITLE STATEMENT
Title Growth performance of broiler fed diet<br/>containing de oiled rice bran supplemented with <br/>protease and halquinol /<br/><br/>
Remainder of title MS thesis
260 ## - PUBLICATION, DISTRIBUTION, ETC. (IMPRINT)
Place of publication, distribution, etc. Sher-e- Bangla Agricultural University:
Name of publisher, distributor, etc. Department of Animal Nutrition, Genetics and Breeding,
Date of publication, distribution, etc. 2022.
300 ## - PHYSICAL DESCRIPTION
Extent ix, 53p.:
Other physical details 30 cm.
500 ## - GENERAL NOTE
General note MS thesis of Department of Animal Nutrition, Genetics and Breeding, Faculty of Animal Science, Sher-e-Bangla Agricultural University, Dhaka, Bangladesh
590 ## - Name of Cataloguer
Name of Cataloger Namul
650 ## - SUBJECT ADDED ENTRY--TOPICAL TERM
Topical term or geographic name as entry element broiler fed diet containing de oiled rice bran
651 ## - SUBJECT ADDED ENTRY--GEOGRAPHIC NAME
Geographic name protease and halquinol
700 ## - ADDED ENTRY--PERSONAL NAME
Personal name Prof. Dr. Md. Mufazzal Hossain
Relator term Superviser
700 ## - ADDED ENTRY--PERSONAL NAME
Personal name Assico. Prof. Dr. Mofassara Akter
Relator term Co-Superviser
856 ## - ELECTRONIC LOCATION AND ACCESS
Uniform Resource Identifier <a href="http://archive.saulibrary.edu.bd:8080/xmlui/handle/123456789/4999">http://archive.saulibrary.edu.bd:8080/xmlui/handle/123456789/4999</a>
942 ## - ADDED ENTRY ELEMENTS (KOHA)
Source of classification or shelving scheme Dewey Decimal Classification
Koha item type MS Level Thesis
Holdings
Withdrawn status Lost status Source of classification or shelving scheme Damaged status Not for loan Collection code Home library Branch Name Date acquired Total Checkouts Full call number Barcode Date last seen Price effective from Koha item type
    Dewey Decimal Classification   Not For Loan Reference SAU Library SAU Library 04/10/2023   636.085 Is41 45008 04/10/2023 04/10/2023 MS Level Thesis